[Event "Bay Area int."]
[Site "Santa Clara USA"]
[Date "2014.01.04"]
[Round "4.17"]
[White "Esserman, Mark"]
[Black "Piasetski, Leon"]
[Result "0-1"]
[WhiteElo "2447"]
[BlackElo "2289"]
[PlyCount "34"]
[EventDate "2014.01.02"]
[EventType "swiss"]
[EventRounds "9"]
[EventCountry "USA"]
[Source "Mark Crowther"]
[SourceDate "2014.01.06"]

1. e4 c5 2. Nf3 Nc6 3. d4 cxd4 4. c3 Nf6 5. e5 Nd5 6. Bc4 e6 7. cxd4 d6 8. O-O
Be7 9. Qc2 O-O 10. Nc3 Nxc3 11. bxc3 dxe5 12. dxe5 Qa5 13. Bd2 Rd8 14. Rfe1 Bd7
15. Rab1 Qc7 16. Bd3 Be8 17. h4 Rxd3 0-1

[Event "Grand Pacific op"]
[Site "Victoria CAN"]
[Date "2009.04.10"]
[Round "1"]
[White "Piasetski, Leon"]
[Black "Han, Yiming"]
[Result "1-0"]
[WhiteElo "2416"]
[BlackElo "1807"]
[PlyCount "63"]
[EventDate "2009.04.10"]
[EventType "swiss"]
[EventRounds "6"]
[EventCountry "CAN"]

1. Nf3 d5 2. c4 Nf6 3. cxd5 Nxd5 4. d4 Bf5 5. Qb3 Nb6 6. Nc3 Be6 7. Qc2 Nc6 8.
a3 Rc8 9. e3 Bg4 10. Bb5 Bxf3 11. gxf3 e6 12. Rg1 a6 13. Bxc6+ bxc6 14. Bd2 g6
15. Ne4 Bg7 16. Qxc6+ Qd7 17. Qxd7+ Nxd7 18. Rc1 O-O 19. Bb4 Rfe8 20. f4 f6 21.
Ke2 e5 22. fxe5 fxe5 23. d5 Nb6 24. d6 cxd6 25. Nxd6 Rxc1 26. Rxc1 Rb8 27. Ba5
Bf8 28. Rc6 Bxd6 29. Bxb6 Bf8 30. b4 e4 31. Bd4 a5 32. bxa5 1-0

[Event "CAN-ch"]
[Site "Ottawa CAN"]
[Date "1984.??.??"]
[Round "5"]
[White "Taylor, Gordon"]
[Black "Piasetski, Leon"]
[Result "1/2-1/2"]
[WhiteElo "2325"]
[BlackElo "2390"]
[PlyCount "57"]
[EventDate "1984.??.??"]
[EventType "tourn"]
[EventRounds "15"]
[EventCountry "CAN"]

1. d4 Nf6 2. Nf3 e6 3. c4 c5 4. Nc3 cxd4 5. Nxd4 Bb4 6. Qd3 O-O 7. a3 Be7 8. g3
Nc6 9. Nxc6 bxc6 10. Bg2 Ba6 11. b4 d5 12. b5 cxb5 13. cxb5 Bb7 14. O-O Nd7 15.
a4 Nc5 16. Qb1 Bf6 17. Bd2 Rc8 18. Ra3 Qe7 19. a5 Nd7 20. Rb3 Rc4 21. Na2 Rfc8
22. Rc1 h6 23. Rxc4 Rxc4 24. Be3 Bd4 25. Bxd4 Rxd4 26. Rb4 Rd2 27. Rb2 Rd4 28.
Rb4 Rd2 29. Rb2 1/2-1/2

[Event "CAN-ch"]
[Site "Ottawa CAN"]
[Date "1984.??.??"]
[Round "6"]
[White "Piasetski, Leon"]
[Black "Kopec, Danny"]
[Result "0-1"]
[WhiteElo "2390"]
[BlackElo "2390"]
[PlyCount "67"]
[EventDate "1984.??.??"]
[EventType "tourn"]
[EventRounds "15"]
[EventCountry "CAN"]

1. Nf3 d5 2. d4 Nf6 3. c4 dxc4 4. Nc3 e6 5. e3 a6 6. a4 c5 7. Bxc4 Nbd7 8. O-O
Qc7 9. Ba2 Be7 10. Bd2 b6 11. Rc1 Bb7 12. Re1 O-O 13. e4 e5 14. dxe5 Nxe5 15.
Nxe5 Qxe5 16. Qe2 Rad8 17. Rcd1 Rd4 18. f4 Qc7 19. Be3 Rxd1 20. Rxd1 Nxe4 21.
Nd5 Bxd5 22. Bxd5 Nf6 23. Qxa6 Nxd5 24. Rxd5 Bf6 25. b3 Re8 26. Qd3 h6 27. Qd2
c4 28. bxc4 Qxc4 29. Rd3 Qxa4 30. Bxb6 Rb8 31. Bf2 Rb1+ 32. Be1 Qe4 33. Kf1 Bh4
34. Rd8+ 0-1

[Event "CAN-ch"]
[Site "Ottawa CAN"]
[Date "1984.??.??"]
[Round "9"]
[White "Horton, Joe"]
[Black "Piasetski, Leon"]
[Result "1-0"]
[WhiteElo "2200"]
[BlackElo "2390"]
[PlyCount "47"]
[EventDate "1984.??.??"]
[EventType "tourn"]
[EventRounds "15"]
[EventCountry "CAN"]

1. Nf3 b6 2. g3 Bb7 3. Bg2 c5 4. O-O g6 5. c4 Bg7 6. Nc3 Nc6 7. b3 e6 8. Bb2 d5
9. e3 dxc4 10. bxc4 Nge7 11. d4 cxd4 12. Nxd4 O-O 13. Qa4 Na5 14. Bxb7 Nxb7 15.
Rfd1 Qc8 16. Rab1 Nc5 17. Qb5 Qc7 18. Ba3 Rfc8 19. Na4 a6 20. Qb4 Nxa4 21. Qxa4
e5 22. Nf3 Nf5 23. Rd7 Qxc4 24. Rd8+ 1-0

[Event "CAN-ch"]
[Site "Ottawa CAN"]
[Date "1984.??.??"]
[Round "10"]
[White "Piasetski, Leon"]
[Black "Reeve, Jeff"]
[Result "1-0"]
[WhiteElo "2390"]
[BlackElo "2200"]
[PlyCount "75"]
[EventDate "1984.??.??"]
[EventType "tourn"]
[EventRounds "15"]
[EventCountry "CAN"]

1. c4 g6 2. d4 d6 3. Nc3 Nf6 4. Nf3 Bg7 5. g3 O-O 6. Bg2 Nbd7 7. O-O e5 8. e4
exd4 9. Nxd4 Re8 10. h3 c6 11. Re1 a5 12. Rb1 Nc5 13. b3 Nfd7 14. Be3 Ne5 15.
Qc2 a4 16. Red1 axb3 17. axb3 Ne6 18. c5 Nxc5 19. Nxc6 bxc6 20. Bxc5 Qf6 21.
Rxd6 Nf3+ 22. Kh1 Qg5 23. Ne2 Ra2 24. Qxa2 Qxc5 25. Rdd1 Ng5 26. Nf4 Bd4 27.
Qd2 Bf6 28. Rbc1 Qb6 29. e5 Bxe5 30. Rxc6 Qxb3 31. Qd5 Qxd5 32. Nxd5 Bb7 33.
Rb6 Bxd5 34. Rxd5 Bc7 35. Rb7 Ne6 36. Rd7 Nc5 37. Rdxc7 Nxb7 38. Bxb7 1-0

[Event "CAN-ch"]
[Site "Montreal CAN"]
[Date "1981.??.??"]
[Round "?"]
[White "Harper, Bruce"]
[Black "Piasetski, Leon"]
[Result "1/2-1/2"]
[WhiteElo "2340"]
[BlackElo "2420"]
[PlyCount "106"]
[EventDate "1981.05.16"]
[EventType "tourn"]
[EventRounds "15"]
[EventCountry "CAN"]

1. c4 Nf6 2. Nc3 Nc6 3. d4 e5 4. d5 Nb8 5. a3 a5 6. g3 Bc5 7. Bg2 d6 8. Rb1 O-O
9. b4 axb4 10. axb4 Bb6 11. e3 Bf5 12. e4 Bc8 13. Nge2 Ng4 14. O-O f5 15. h3 f4
16. hxg4 Bxg4 17. Qd3 f3 18. Bh1 fxe2 19. Nxe2 Ra2 20. Rb2 Rxb2 21. Bxb2 Qf6
22. Nf4 Na6 23. Qb3 g5 24. c5 dxc5 25. d6+ c4 26. Qxc4+ Kh8 27. Qb5 cxd6 28.
Qxb6 gxf4 29. Bg2 f3 30. Rd1 fxg2 31. Rxd6 Qe7 32. f4 Kg8 33. Bxe5 Bh5 34. Rh6
Be8 35. Qd6 Qxd6 36. Bxd6 Rf7 37. Kxg2 Bc6 38. Kf3 Rd7 39. g4 Nc7 40. Ke3 Nb5
41. Bc5 Rd1 42. e5 Rg1 43. Rf6 Nc7 44. Kf2 Rxg4 45. e6 Nxe6 46. Rxe6 Rxf4+ 47.
Kg3 Rc4 48. Rf6 Kg7 49. Rf4 Be4 50. Kf2 b5 51. Ke3 Bg6 52. Bf8+ Kg8 53. Bh6
Rxf4 1/2-1/2

[Event "CAN-ch"]
[Site "Montreal CAN"]
[Date "1981.??.??"]
[Round "?"]
[White "Pelts, Roman"]
[Black "Piasetski, Leon"]
[Result "1-0"]
[WhiteElo "2435"]
[BlackElo "2420"]
[PlyCount "121"]
[EventDate "1981.05.16"]
[EventType "tourn"]
[EventRounds "15"]
[EventCountry "CAN"]

1. Nf3 Nf6 2. c4 c5 3. g3 e6 4. Bg2 d5 5. O-O Nc6 6. d4 Be7 7. Nc3 O-O 8. cxd5
exd5 9. dxc5 Bxc5 10. Bg5 d4 11. Bxf6 Qxf6 12. Ne4 Qe7 13. Nxc5 Qxc5 14. Qd2
Rd8 15. Rfd1 h6 16. b4 Qb6 17. a4 Be6 18. Rab1 Rd7 19. Ne1 Ne5 20. Nd3 Nxd3 21.
Qxd3 Rc8 22. a5 Qc7 23. Be4 Qc3 24. Qd2 Qxd2 25. Rxd2 f5 26. Bc2 Kf7 27. Ba4
Rdd8 28. Rbd1 Rc4 29. Rb2 Rdc8 30. Bb5 Rc1 31. Rbd2 Bb3 32. Rxc1 Rxc1+ 33. Kg2
Bc4 34. Bd7 d3 35. exd3 Bd5+ 36. f3 Rb1 37. Bxf5 Rxb4 38. Be4 Ke6 39. Rc2 Bxe4
40. dxe4 Kd6 41. Rd2+ Ke6 42. Rd5 a6 43. g4 Rc4 44. h4 Rb4 45. Kg3 Rb3 46. Kf4
Rb1 47. h5 Rb3 48. Rf5 b6 49. axb6 Rxb6 50. g5 hxg5+ 51. Kxg5 Ke7 52. Ra5 Rc6
53. f4 Kf7 54. e5 Ke8 55. Ra1 Rb6 56. Rc1 Rb7 57. Rc6 Ra7 58. f5 a5 59. h6
gxh6+ 60. Rxh6 Kf8 61. f6 1-0

[Event "CAN-ch"]
[Site "Montreal CAN"]
[Date "1981.??.??"]
[Round "?"]
[White "Piasetski, Leon"]
[Black "Taylor, Gordon"]
[Result "1-0"]
[WhiteElo "2420"]
[BlackElo "2250"]
[PlyCount "83"]
[EventDate "1981.05.16"]
[EventType "tourn"]
[EventRounds "15"]
[EventCountry "CAN"]

1. c4 c5 2. Nf3 Nc6 3. Nc3 g6 4. e3 Nf6 5. d4 cxd4 6. exd4 d5 7. Bg5 Bg7 8.
Bxf6 Bxf6 9. cxd5 Nb8 10. Bb5+ Bd7 11. Qb3 O-O 12. Bxd7 Qxd7 13. O-O b6 14.
Rac1 Na6 15. Ne5 Qb7 16. Nc6 Nc7 17. Ne4 Ne8 18. Qa3 Qd7 19. Rfe1 Kg7 20. Nxf6
exf6 21. Qb3 Nc7 22. Re7 Qd6 23. Qg3 Nb5 24. Qxd6 Nxd6 25. Nxa7 Nf5 26. Rd7
Nxd4 27. Rc4 Rfe8 28. Kf1 Re4 29. Rcc7 Rae8 30. Rxf7+ Kh6 31. g3 Kg5 32. Rxh7
Re2 33. d6 Rxb2 34. Rhe7 Rxe7 35. dxe7 Rb1+ 36. Kg2 Re1 37. Nc8 Nf5 38. Rb7 Re6
39. Rxb6 Re2 40. h4+ Kg4 41. Rb4+ Kh5 42. g4+ 1-0

[Event "Olympiad"]
[Site "Buenos Aires ARG"]
[Date "1978.11.06"]
[Round "11"]
[White "Gamarra Caceres, Carlos"]
[Black "Piasetski, Leon"]
[Result "0-1"]
[WhiteElo "2280"]
[BlackElo "2410"]
[PlyCount "36"]
[EventDate "1978.10.25"]
[EventType "team"]
[EventRounds "14"]
[EventCountry "ARG"]

1. e4 c5 2. Nf3 e6 3. c3 d5 4. e5 Bd7 5. d4 Qb6 6. Be2 Bb5 7. c4 Bxc4 8. Bxc4
dxc4 9. d5 Ne7 10. dxe6 Qxe6 11. O-O Nbc6 12. Nbd2 Ng6 13. Ng5 Qd5 14. Qa4
Ngxe5 15. f4 Qd4+ 16. Kh1 Nd3 17. Nxc4 b5 18. Qxb5 Nf2+ 0-1

[Event "CAN-ch"]
[Site "Toronto CAN"]
[Date "1978.??.??"]
[Round "1"]
[White "Harper, Bruce"]
[Black "Piasetski, Leon"]
[Result "1/2-1/2"]
[WhiteElo "2365"]
[BlackElo "2410"]
[PlyCount "24"]
[EventDate "1978.??.??"]
[EventType "tourn"]
[EventRounds "15"]
[EventCountry "CAN"]

1. e4 e5 2. Nf3 Nc6 3. Nc3 Nf6 4. Bb5 Bb4 5. O-O O-O 6. d3 Bxc3 7. bxc3 Qe7 8.
Re1 Ne8 9. h3 Kh8 10. Bd2 d6 11. Bxc6 bxc6 12. c4 c5 1/2-1/2

[Event "CAN-ch"]
[Site "Toronto CAN"]
[Date "1978.??.??"]
[Round "15"]
[White "Piasetski, Leon"]
[Black "Kirton, Neil"]
[Result "1-0"]
[WhiteElo "2410"]
[BlackElo "2200"]
[PlyCount "97"]
[EventDate "1978.??.??"]
[EventType "tourn"]
[EventRounds "15"]
[EventCountry "CAN"]

1. g3 Nf6 2. Bg2 d5 3. d3 c6 4. Nd2 h6 5. e4 e5 6. Ngf3 Bd6 7. O-O O-O 8. h3
Be6 9. Nh4 Qd7 10. Kh2 g5 11. Nhf3 Nh7 12. d4 f6 13. Qe1 Qg7 14. dxe5 fxe5 15.
exd5 cxd5 16. Nd4 Qd7 17. Nxe6 Qxe6 18. c4 Nf6 19. cxd5 Nxd5 20. Qe4 Nb6 21.
Qxb7 Rf7 22. Qe4 N8d7 23. Qe2 Rc8 24. Ne4 Bc5 25. Nxc5 Nxc5 26. Be3 Rfc7 27.
Rfc1 Qe7 28. Qh5 Kg7 29. h4 Ne6 30. Rxc7 Rxc7 31. hxg5 Nxg5 32. Bxg5 Qxg5 33.
Qe2 Nd7 34. Re1 Nf6 35. Kg1 Re7 36. Qe3 e4 37. Qxg5+ hxg5 38. Re3 Rb7 39. b3
Rb4 40. Rc3 Rb7 41. Rc5 Kg6 42. Re5 Rb4 43. Kf1 Kh6 44. Ke2 Rd4 45. Re6 Kg6 46.
Ra6 Rd7 47. Bxe4+ Kf7 48. Bd3 Ke7 49. Bc4 1-0

[Event "Virovitica"]
[Site "Virovitica YUG"]
[Date "1977.??.??"]
[Round "?"]
[White "Stean, Michael"]
[Black "Piasetski, Leon"]
[Result "1-0"]
[WhiteElo "2510"]
[BlackElo "2410"]
[PlyCount "59"]
[EventDate "1977.10.26"]
[EventType "tourn"]
[EventRounds "13"]
[EventCountry "YUG"]
[EventCategory "7"]

1. e4 c5 2. Nf3 e6 3. d4 cxd4 4. Nxd4 a6 5. Be2 Nf6 6. Nc3 d6 7. f4 Qc7 8. O-O
Nc6 9. Be3 Bd7 10. Kh1 b5 11. a3 Be7 12. Qe1 Rc8 13. Qg3 h5 14. Rae1 h4 15.
Qxg7 Rh7 16. Qg5 Kf8 17. e5 Ng8 18. Qg4 dxe5 19. fxe5 Qxe5 20. Bf3 Rg7 21. Nxc6
Bxc6 22. Qh3 Bxf3 23. Qxf3 h3 24. Qxh3 Qd6 25. Bh6 Nxh6 26. Rxe6 Qd2 27. Rxh6
Rc4 28. Rh8+ Rg8 29. Rxg8+ Kxg8 30. Qf5 1-0

[Event "Karlovac"]
[Site "Karlovac YUG"]
[Date "1977.??.??"]
[Round "?"]
[White "Minic, Dragoljub"]
[Black "Piasetski, Leon"]
[Result "1-0"]
[WhiteElo "2425"]
[BlackElo "2410"]
[PlyCount "107"]
[EventDate "1977.09.12"]
[EventType "tourn"]
[EventRounds "13"]
[EventCountry "YUG"]
[EventCategory "5"]

1. e4 c5 2. Nf3 Nc6 3. d4 cxd4 4. Nxd4 e6 5. Nc3 a6 6. Be2 Nge7 7. Be3 b5 8. a3
Bb7 9. Nb3 Ne5 10. Qd4 N7c6 11. Qd2 d6 12. O-O Be7 13. Qe1 Qc7 14. a4 b4 15.
Na2 Nd7 16. f3 Nc5 17. Nxb4 Nxb3 18. cxb3 Nxb4 19. Qxb4 d5 20. Qd2 dxe4 21.
fxe4 Bd6 22. Bf4 Bxf4 23. Qxf4 Qxf4 24. Rxf4 Rd8 25. Rc1 e5 26. Rf2 f6 27. Rc7
Rd7 28. Rxd7 Kxd7 29. Bg4+ Kc7 30. Rc2+ Kb6 31. Bf3 Rd8 32. a5+ Kxa5 33. Rc7
Kb6 34. Rxg7 Rd3 35. Rxh7 Rxb3 36. h4 Rxb2 37. h5 Rd2 38. Rf7 a5 39. Rxf6+ Kc5
40. Re6 a4 41. Rxe5+ Kb6 42. Bg4 a3 43. Be6 Re2 44. h6 Rxe4 45. Rxe4 Bxe4 46.
Kf2 Kc5 47. Ke3 Bh7 48. Kf4 Kd6 49. Ba2 Bc2 50. g4 Bh7 51. Kg5 Ke5 52. Kh5 Bc2
53. g5 Bd3 54. Bf7 1-0

[Event "Karlovac"]
[Site "Karlovac YUG"]
[Date "1977.??.??"]
[Round "?"]
[White "Piasetski, Leon"]
[Black "Kovacevic, Vlatko"]
[Result "0-1"]
[WhiteElo "2410"]
[BlackElo "2505"]
[PlyCount "46"]
[EventDate "1977.09.12"]
[EventType "tourn"]
[EventRounds "13"]
[EventCountry "YUG"]
[EventCategory "5"]

1. c4 f5 2. d4 Nf6 3. Nc3 g6 4. g3 d6 5. Bg2 c6 6. Nh3 Bg7 7. d5 O-O 8. Nf4 Qe8
9. Qb3 e5 10. Ne6 Bxe6 11. Qxb7 Nbd7 12. dxe6 Qxe6 13. Bxc6 Nb6 14. b3 e4 15.
O-O Rf7 16. Qa6 Rc8 17. Bb5 Ng4 18. Bb2 f4 19. c5 Rxc5 20. Na4 Nxh2 21. Nxc5
Qh3 22. Bc4 Ng4 23. Bxf7+ Kh8 0-1

[Event "Olympiad"]
[Site "Haifa ISR"]
[Date "1976.11.02"]
[Round "8"]
[White "Sanz Alonso, Francisco Javier"]
[Black "Piasetski, Leon"]
[Result "0-1"]
[WhiteElo "2345"]
[BlackElo "2390"]
[PlyCount "124"]
[EventDate "1976.10.25"]
[EventType "team"]
[EventRounds "13"]
[EventCountry "ISR"]

1. c4 g6 2. g3 Bg7 3. Bg2 d6 4. Nc3 Nc6 5. e3 Bd7 6. Rb1 Qc8 7. b4 Ne5 8. Qc2
Nxc4 9. Nge2 c6 10. d3 Nb6 11. a4 Bh3 12. Bxh3 Qxh3 13. a5 Nd7 14. a6 bxa6 15.
Nf4 Qg4 16. Ne4 Ne5 17. d4 Nf3+ 18. Kf1 Rc8 19. Qe2 f5 20. Nc3 Ng5 21. Qxa6 Rc7
22. Qc4 Qf3 23. Rg1 Nf6 24. h4 Nge4 25. Qe2 Qxe2+ 26. Ncxe2 Nd5 27. f3 Nxf4 28.
Nxf4 Nf6 29. Ne6 Rb7 30. Nxg7+ Kf7 31. Nxf5 gxf5 32. Bd2 c5 33. dxc5 dxc5 34.
Ke2 Rbb8 35. Ra1 cxb4 36. Ra5 Ke6 37. Ra6+ Kf7 38. Ra5 Ke6 39. Ra6+ Kf7 40. Ra5
Kg6 41. h5+ Kxh5 42. g4+ Kg6 43. gxf5+ Kf7 44. e4 Rhg8 45. Rxg8 Kxg8 46. Kd3 b3
47. Ra1 Nd7 48. Bc3 b2 49. Rg1+ Kf7 50. Kc2 b1=Q+ 51. Rxb1 Rxb1 52. Kxb1 h5 53.
Kc2 h4 54. Be1 h3 55. Bg3 Kf6 56. Kd3 Kg5 57. Kc4 Nf6 58. Bh2 Nh5 59. Kb5 Nf4
60. Kc6 a5 61. Kd7 a4 62. Kxe7 Nh5 0-1

[Event "Netanya-B"]
[Site "Netanya ISR"]
[Date "1973.??.??"]
[Round "1"]
[White "Cardoso, Radolfo Tan"]
[Black "Piasetski, Leon"]
[Result "0-1"]
[WhiteElo "2400"]
[BlackElo "2275"]
[PlyCount "92"]
[EventDate "1973.??.??"]
[EventType "swiss"]
[EventRounds "11"]
[EventCountry "ISR"]

1. e4 c5 2. Nf3 e6 3. d4 cxd4 4. Nxd4 Nc6 5. Be3 Qc7 6. Nc3 a6 7. Bd3 Nf6 8.
O-O b5 9. Nb3 d6 10. a4 b4 11. Ne2 d5 12. Bf4 Ne5 13. Ng3 h5 14. exd5 Nxd5 15.
Be4 Nxf4 16. Bxa8 h4 17. Qd2 Nc4 18. Bc6+ Qxc6 19. Qxf4 hxg3 20. fxg3 f6 21.
Nd4 Qc5 22. Rae1 Bd6 23. Qg4 O-O 24. Kh1 f5 25. Qh4 Be7 26. Nb3 Qc7 27. Qh5
Nxb2 28. Nd4 Qc4 29. Rf4 Qc3 30. Ref1 Bf6 31. Nf3 e5 32. Rxf5 Bxf5 33. Qxf5 Qc8
34. Qe4 Qc4 35. Qe1 e4 36. Nd2 Qxc2 37. Nxe4 Be7 38. Rxf8+ Bxf8 39. Nf2 Qc4 40.
a5 Qf7 41. h4 Bc5 42. Ne4 Nd3 43. Qe2 Nf2+ 44. Nxf2 Bxf2 45. Kh2 b3 46. Qxa6 b2
0-1

[Event "Netanya-B"]
[Site "Netanya ISR"]
[Date "1973.??.??"]
[Round "2"]
[White "Piasetski, Leon"]
[Black "Avner, Uri"]
[Result "1-0"]
[WhiteElo "2275"]
[BlackElo "2200"]
[PlyCount "79"]
[EventDate "1973.??.??"]
[EventType "swiss"]
[EventRounds "11"]
[EventCountry "ISR"]

1. Nf3 f5 2. g3 Nf6 3. Bg2 e6 4. c4 Be7 5. O-O O-O 6. d3 d6 7. Nc3 Qe8 8. b4
Qh5 9. Qb3 Nc6 10. b5 Nd8 11. e4 e5 12. exf5 Bxf5 13. Ba3 Bxd3 14. Nd5 Nxd5 15.
Qxd3 Nf6 16. Nxe5 Re8 17. Nf3 Nf7 18. Nd4 Ng4 19. h3 Nge5 20. Qb3 Bf6 21. Rad1
Rab8 22. g4 Qg6 23. f4 Nd7 24. Ne6 Bd8 25. Rde1 c6 26. Nxd8 Rexd8 27. Bb2 Nc5
28. Qe3 Qd3 29. Qc1 cxb5 30. cxb5 Na4 31. Ba1 Qxb5 32. Kh1 d5 33. Qa3 d4 34.
Rb1 Qa6 35. Qb3 Nc5 36. Qc2 Rbc8 37. Qf5 g6 38. Qc2 Nd3 39. Qd2 Nc5 40. Rb4 1-0

[Event "Netanya-B"]
[Site "Netanya ISR"]
[Date "1973.??.??"]
[Round "3"]
[White "Radashkovich, Itchak"]
[Black "Piasetski, Leon"]
[Result "1-0"]
[WhiteElo "2425"]
[BlackElo "2275"]
[PlyCount "119"]
[EventDate "1973.??.??"]
[EventType "swiss"]
[EventRounds "11"]
[EventCountry "ISR"]

1. d4 Nf6 2. c4 c5 3. d5 g6 4. Nc3 Bg7 5. Nf3 d6 6. g3 O-O 7. Bg2 e6 8. O-O
exd5 9. cxd5 Re8 10. Nd2 b6 11. a4 Ba6 12. Re1 Nbd7 13. Nb5 Ne5 14. h3 Nh5 15.
Ra3 f5 16. f4 Nf7 17. e4 Bxb5 18. axb5 Bd4+ 19. Kh2 Qd7 20. exf5 Rxe1 21. Qxe1
Re8 22. Qd1 Qxf5 23. Nf3 Qxd5 24. Be3 Qc4 25. Nxd4 cxd4 26. Bxd4 Nh6 27. Be5
Nf7 28. Bd4 Nh6 29. Qb3 Qxb3 30. Rxb3 Nf5 31. Bf2 Re2 32. Kg1 Nf6 33. g4 Ng7
34. Bd4 Kf7 35. Ra3 Re7 36. Rc3 Ne6 37. Be3 Nc5 38. Bf2 Nfe4 39. Bxe4 Nxe4 40.
Rc8 Nxf2 41. Kxf2 Ke6 42. Kf3 Kd5 43. Rc6 Rf7 44. h4 Re7 45. Rc2 Rd7 46. Rd2+
Ke6 47. Re2+ Kf7 48. Rc2 Ke6 49. Ke4 Rf7 50. Rc6 Kd7 51. Rc1 Re7+ 52. Kf3 Re8
53. h5 gxh5 54. g5 Re6 55. Ra1 h6 56. Rxa7+ Ke8 57. f5 Re5 58. gxh6 Rxf5+ 59.
Ke4 Rf7 60. h7 1-0

[Event "Netanya-B"]
[Site "Netanya ISR"]
[Date "1973.??.??"]
[Round "4"]
[White "Piasetski, Leon"]
[Black "Birnboim, Nathan"]
[Result "1/2-1/2"]
[WhiteElo "2275"]
[BlackElo "2200"]
[PlyCount "100"]
[EventDate "1973.??.??"]
[EventType "swiss"]
[EventRounds "11"]
[EventCountry "ISR"]

1. c4 Nf6 2. g3 g6 3. Bg2 Bg7 4. Nc3 O-O 5. d4 d6 6. Nf3 Nfd7 7. O-O Nc6 8. h3
e5 9. Be3 Ne7 10. dxe5 dxe5 11. Qc1 Nf5 12. Bg5 f6 13. Bd2 c6 14. Ne4 Nd4 15.
Nxd4 exd4 16. Bh6 Qe7 17. Bxg7 Kxg7 18. c5 f5 19. Nd6 Qe5 20. b4 f4 21. Qb2 d3
22. Qxe5+ Nxe5 23. Rfe1 d2 24. Red1 fxg3 25. fxg3 a5 26. b5 cxb5 27. Rxd2 b4
28. Nxb7 Ra7 29. Nd8 Rc7 30. c6 Rf6 31. Rc1 a4 32. Rc5 Rf5 33. Rcd5 Kf6 34. g4
Rg5 35. e3 b3 36. axb3 axb3 37. h4 Rxg4 38. Rf2+ Bf5 39. Rb5 Nd3 40. Rf1 Ke7
41. e4 Rxg2+ 42. Kxg2 Bxe4+ 43. Kg3 Kxd8 44. Rxb3 Ke7 45. Rd1 Nc5 46. Re3 Rxc6
47. Rd5 Kf6 48. Rxc5 Rxc5 49. Rxe4 Rc3+ 50. Kg2 Kf5 1/2-1/2

[Event "Netanya-B"]
[Site "Netanya ISR"]
[Date "1973.??.??"]
[Round "5"]
[White "Lederman, Leon"]
[Black "Piasetski, Leon"]
[Result "0-1"]
[WhiteElo "2200"]
[BlackElo "2275"]
[PlyCount "50"]
[EventDate "1973.??.??"]
[EventType "swiss"]
[EventRounds "11"]
[EventCountry "ISR"]

1. e4 c5 2. Nf3 a6 3. Nc3 Nc6 4. d4 cxd4 5. Nxd4 e6 6. Be3 Nf6 7. Bd3 d5 8.
exd5 exd5 9. O-O Bd6 10. h3 O-O 11. Nxc6 bxc6 12. Na4 Rb8 13. c4 Re8 14. Qc2
Ne4 15. Bxe4 Rxe4 16. cxd5 cxd5 17. Nc3 Rh4 18. Nxd5 Bxh3 19. gxh3 Qd7 20. f3
Qxh3 21. Qg2 Bh2+ 22. Kh1 Qe6 23. Bg5 Rh3 24. Qg4 Bd6+ 25. Kg2 Qe2+ 0-1

[Event "Netanya-B"]
[Site "Netanya ISR"]
[Date "1973.??.??"]
[Round "7"]
[White "Soos, Bela"]
[Black "Piasetski, Leon"]
[Result "0-1"]
[WhiteElo "2420"]
[BlackElo "2275"]
[PlyCount "80"]
[EventDate "1973.??.??"]
[EventType "swiss"]
[EventRounds "11"]
[EventCountry "ISR"]

1. d4 Nf6 2. c4 c5 3. Nf3 cxd4 4. Nxd4 e6 5. Nc3 Bb4 6. Bd2 Nc6 7. a3 Be7 8.
Nxc6 bxc6 9. e4 Qc7 10. Bd3 O-O 11. O-O e5 12. Qe2 Bc5 13. Kh1 d6 14. Rac1 Bd4
15. b4 Be6 16. f4 exf4 17. Bxf4 Nd7 18. Nd5 Bxd5 19. cxd5 c5 20. Rf3 Ne5 21.
Rh3 g6 22. Ba6 Qe7 23. Rb1 Rab8 24. Rg3 Nd7 25. Bg5 Bf6 26. Bd2 Be5 27. Rf3 Bg7
28. Rbf1 Ne5 29. Rg3 Rb6 30. Bb5 Qb7 31. Ba4 Rc8 32. Rc1 cxb4 33. Rxc8+ Qxc8
34. axb4 Qc4 35. Bd1 Rb8 36. Ra3 h5 37. Rxa7 Qd4 38. Be3 Qxb4 39. Qc2 Qc4 40.
Qf2 Rb1 0-1

[Event "Netanya-B"]
[Site "Netanya ISR"]
[Date "1973.??.??"]
[Round "8"]
[White "Kaufman, Larry"]
[Black "Piasetski, Leon"]
[Result "1/2-1/2"]
[WhiteElo "2400"]
[BlackElo "2275"]
[PlyCount "79"]
[EventDate "1973.??.??"]
[EventType "swiss"]
[EventRounds "11"]
[EventCountry "ISR"]

1. e4 c5 2. Nf3 d6 3. d4 cxd4 4. Nxd4 Nf6 5. Nc3 a6 6. Bg5 e6 7. f4 b5 8. e5
dxe5 9. fxe5 Qc7 10. exf6 Qe5+ 11. Be2 Qxg5 12. O-O Ra7 13. Qd3 Rd7 14. Ne4 Qe5
15. Nf3 Qxb2 16. Qe3 Bb7 17. a4 b4 18. c3 Bxe4 19. Qxe4 gxf6 20. Kh1 Bd6 21.
Nd4 Be5 22. Nf3 Bxc3 23. Rab1 Qa3 24. Bxa6 Qxa4 25. Bd3 Qc6 26. Qe2 Rd5 27.
Rfc1 Qc5 28. Bc4 O-O 29. Bxd5 Qxd5 30. Rd1 Qf5 31. Qc4 Nd7 32. Nd4 Qd5 33. Qc6
Qxc6 34. Nxc6 Ne5 35. Nxb4 Ng4 36. Rf1 Rd8 37. h3 Ne3 38. Rf3 Bxb4 39. Rxe3 Bc5
40. Rc3 1/2-1/2

[Event "Netanya-B"]
[Site "Netanya ISR"]
[Date "1973.??.??"]
[Round "9"]
[White "Piasetski, Leon"]
[Black "Agur, Elieser"]
[Result "1-0"]
[WhiteElo "2275"]
[BlackElo "2200"]
[PlyCount "59"]
[EventDate "1973.??.??"]
[EventType "swiss"]
[EventRounds "11"]
[EventCountry "ISR"]

1. e4 c5 2. Nf3 Nf6 3. e5 Nd5 4. c3 Nc6 5. d4 cxd4 6. cxd4 d6 7. Nc3 Nxc3 8.
bxc3 d5 9. Bd3 Bg4 10. h3 Bd7 11. Ng5 h6 12. Qh5 Qa5 13. Bd2 hxg5 14. Qxh8
O-O-O 15. Qg8 Be6 16. Bg6 Qa4 17. Bxf7 Bxf7 18. Qxf7 Qc2 19. Qf3 Qb2 20. Rd1
Qxa2 21. Qf5+ Kb8 22. O-O Qc4 23. Ra1 a5 24. Rfc1 a4 25. Bxg5 Na5 26. Rc2 Nb3
27. Raa2 Qc6 28. e6 b5 29. Bc1 Nxc1 30. Rxc1 1-0

[Event "Netanya-B"]
[Site "Netanya ISR"]
[Date "1973.??.??"]
[Round "10"]
[White "Piasetski, Leon"]
[Black "Levy, David N"]
[Result "1/2-1/2"]
[WhiteElo "2275"]
[BlackElo "2350"]
[PlyCount "27"]
[EventDate "1973.??.??"]
[EventType "swiss"]
[EventRounds "11"]
[EventCountry "ISR"]

1. Nf3 f5 2. c4 Nf6 3. g3 d6 4. d4 e6 5. Bg2 Be7 6. O-O O-O 7. Nc3 a5 8. Re1
Nc6 9. d5 Nb4 10. dxe6 Bxe6 11. Nd4 Bc8 12. e4 fxe4 13. Nxe4 Ng4 14. a3 1/2-1/2

[Event "Netanya-B"]
[Site "Netanya ISR"]
[Date "1973.??.??"]
[Round "11"]
[White "Piasetski, Leon"]
[Black "Rosenberg, Arie"]
[Result "1/2-1/2"]
[WhiteElo "2275"]
[BlackElo "2200"]
[PlyCount "68"]
[EventDate "1973.??.??"]
[EventType "swiss"]
[EventRounds "11"]
[EventCountry "ISR"]

1. g3 g6 2. Bg2 Bg7 3. c4 c5 4. Nc3 Nc6 5. a3 a6 6. Nf3 Rb8 7. Rb1 b5 8. cxb5
axb5 9. b4 cxb4 10. axb4 Nf6 11. d4 d6 12. Bf4 Nh5 13. Be3 O-O 14. O-O e6 15.
Qd2 d5 16. Bh6 Bxh6 17. Qxh6 f6 18. Rfc1 Bd7 19. e4 Ne7 20. e5 fxe5 21. dxe5
Nf5 22. Qd2 Nhg7 23. Ne2 Qe7 24. Nf4 g5 25. Ne2 g4 26. Ne1 Rfc8 27. Nd3 Rc4 28.
Nc5 Rf8 29. Nf4 Bc8 30. Rxc4 bxc4 31. Qe2 Qg5 32. Nxd5 exd5 33. Bxd5+ Kh8 34.
Qxc4 Ne7 1/2-1/2